<?xml version="1.0" encoding="UTF-8"?>
<record
    xmlns:xsi="http://www.w3.org/2001/XMLSchema-instance"
    xsi:schemaLocation="http://www.loc.gov/MARC21/slim http://www.loc.gov/standards/marcxml/schema/MARC21slim.xsd"
    xmlns="http://www.loc.gov/MARC21/slim">

  <leader>02717nam a22002654a 4500</leader>
  <controlfield tag="003">BOLpUSFA</controlfield>
  <controlfield tag="005">20260420171021.0</controlfield>
  <controlfield tag="008">      t        bo     grm    001 | spa||</controlfield>
  <datafield tag="040" ind1=" " ind2=" ">
    <subfield code="a">BOLpUSFA</subfield>
  </datafield>
  <datafield tag="041" ind1=" " ind2=" ">
    <subfield code="a">spa</subfield>
  </datafield>
  <datafield tag="044" ind1=" " ind2=" ">
    <subfield code="a">BO</subfield>
  </datafield>
  <datafield tag="082" ind1=" " ind2=" ">
    <subfield code="a">ICO0040 </subfield>
    <subfield code="b">C266dPG</subfield>
  </datafield>
  <datafield tag="100" ind1=" " ind2=" ">
    <subfield code="a">C&#xE1;rdenas C&#xE1;ceres, Carlos Cesar  </subfield>
  </datafield>
  <datafield tag="245" ind1=" " ind2=" ">
    <subfield code="a">Dise&#xF1;ar un plan de marketing digital para el posicionamiento de la Empresa "JDL Soluciones Inform&#xE1;ticas" en la ciudad de La Paz, Distrito Maximiliano Paredes, Alto Huyustus. </subfield>
  </datafield>
  <datafield tag="260" ind1=" " ind2=" ">
    <subfield code="a">El Alto: </subfield>
    <subfield code="b">Universidad Privada San Francisco de As&#xED;s. Carrera de Ingenier&#xED;a Comercial, </subfield>
    <subfield code="c">2025</subfield>
  </datafield>
  <datafield tag="300" ind1=" " ind2=" ">
    <subfield code="a">127 p.</subfield>
  </datafield>
  <datafield tag="502" ind1=" " ind2=" ">
    <subfield code="a">Modalidad: Proyecto de Grado  
Tutor: Ing. Sebasti&#xE1;n Huallpa Quispe </subfield>
  </datafield>
  <datafield tag="520" ind1=" " ind2=" ">
    <subfield code="a">La presente investigaci&#xF3;n tiene como objetivo dise&#xF1;ar un plan de marketing digital 
que  permita  fortalecer  el  posicionamiento  de  la  empresa  JDL  Soluciones 
Inform&#xE1;ticas, ubicada en el distrito Maximiliano Paredes, Alto Huyustus de la ciudad 
de La Paz. El estudio surge a partir de la limitada visibilidad digital de la empresa y 
la necesidad de adaptarse a las nuevas tendencias de consumo tecnol&#xF3;gico. 
 
Para  el  desarrollo  de  la  investigaci&#xF3;n  se  aplic&#xF3;  un  enfoque  mixto.  Se  realizaron 
encuestas  a  384  personas  del  p&#xFA;blico  objetivo,  lo  que  permiti&#xF3;  conocer  sus 
preferencias, h&#xE1;bitos de compra y percepci&#xF3;n de la empresa. Los resultados reflejan 
que los canales digitales m&#xE1;s utilizados son Facebook, WhatsApp y TikTok, adem&#xE1;s 
de que los factores m&#xE1;s valorados en la compra de laptops corresponden al precio 
competitivo, la garant&#xED;a y el asesoramiento t&#xE9;cnico. 
 
El  diagn&#xF3;stico  evidenci&#xF3;  que  la  empresa  no  cuenta  con  una  estrategia  digital 
consolidada, lo cual limita su posicionamiento en el mercado local. En este sentido, 
se plantea una propuesta basada en las 7P&#x2019;s del marketing, el modelo Brand Key y 
los pilares del marketing digital, que incluye la apertura de canales oficiales en redes 
sociales, un plan de generaci&#xF3;n de contenidos, promociones online, as&#xED; como un 
cronograma de implementaci&#xF3;n y evaluaci&#xF3;n mediante indicadores de desempe&#xF1;o 
(KPI&#x2019;s). 
 
La  investigaci&#xF3;n  concluye  que  la  aplicaci&#xF3;n  de  este  plan  de  marketing  digital 
permitir&#xE1; a JDL Soluciones Inform&#xE1;ticas mejorar su presencia en medios digitales, 
incrementar  la  confianza  de  los  consumidores  y  consolidar  un  posicionamiento 
competitivo en el mercado pace&#xF1;o. 
</subfield>
  </datafield>
  <datafield tag="650" ind1=" " ind2=" ">
    <subfield code="a">Ingenier&#xED;a Comercial</subfield>
  </datafield>
  <datafield tag="650" ind1=" " ind2=" ">
    <subfield code="a">Proyecto de Grado</subfield>
  </datafield>
  <datafield tag="650" ind1=" " ind2=" ">
    <subfield code="a">Marketing digital</subfield>
  </datafield>
  <datafield tag="650" ind1=" " ind2=" ">
    <subfield code="a">Empresa de inform&#xE1;tica</subfield>
  </datafield>
  <datafield tag="650" ind1=" " ind2=" ">
    <subfield code="a">Estrategia digital</subfield>
  </datafield>
  <datafield tag="942" ind1=" " ind2=" ">
    <subfield code="2">ddc</subfield>
    <subfield code="c">TE</subfield>
    <subfield code="z">LLO</subfield>
  </datafield>
  <datafield tag="999" ind1=" " ind2=" ">
    <subfield code="c">9676</subfield>
    <subfield code="d">9676</subfield>
  </datafield>
  <datafield tag="952" ind1=" " ind2=" ">
    <subfield code="0">0</subfield>
    <subfield code="1">0</subfield>
    <subfield code="2">ddc</subfield>
    <subfield code="4">0</subfield>
    <subfield code="7">0</subfield>
    <subfield code="8">2</subfield>
    <subfield code="a">BEA</subfield>
    <subfield code="b">BEA</subfield>
    <subfield code="c">3</subfield>
    <subfield code="d">2026-03-25</subfield>
    <subfield code="e">4</subfield>
    <subfield code="l">0</subfield>
    <subfield code="o">ICO0040 C266dPG</subfield>
    <subfield code="p">BEA01525</subfield>
    <subfield code="r">2026-03-25</subfield>
    <subfield code="w">2026-03-25</subfield>
    <subfield code="y">TE</subfield>
  </datafield>
</record>
